| 000 | 00678nam a22001695i 4500 | ||
|---|---|---|---|
| 001 | 153372 | ||
| 003 | ES-MaACL | ||
| 005 | 20230906205210.0 | ||
| 008 | 041026s1872 po |||| | por d | ||
| 040 |
_aCAM _bspa _cCAM |
||
| 100 | 1 |
_aCunha, Antonio Pereira da. _9126670 |
|
| 245 | 1 | 0 |
_aExercicios de rima: o voto d'el-rei _b: Pereira da Cunha. |
| 260 |
_aLisboa : _b[s.n.], _c1872 ( _fTypographia Universal de Thomaz Quintino Antunes) |
||
| 300 |
_a30 p. ; _c25 cm. |
||
| 597 | _aPort. y texto fileteados. | ||
| 852 |
_aES-MaACL _jT-246-F-3 _z-- Enc. hol. _z-- Dedicatoria ms. del autor a la Biblioteca del Ateneo Cientifico y Literario de Madrid _z-- Enc. en un vol. facticio |
||
| 999 |
_c153372 _d153372 |
||